00845nam a2200193Ia 4500003000900000008004100009020002600050020002700076040001600103100002700119245012600146260003200272300002000304490003400324856010400358942000700462999001700469952016500486IN-BaIIA211028s9999 xx s 000 0 eng d a9781510617551 (Print) a9781510617568 (Online) cIIA Library aLi, Baojun, ed.941299 0a2017 International Conference on Optical Instruments and Technology: Micro/Nano Photonics: Materials and Devicesh[eBook] aWashington, USAbSPIEc2018 aOnline resource aProceedings of SPIE; V. 10622 uhttps://www.spiedigitallibrary.org/conference-proceedings-of-spie/10622yClick Here to Access eBook cEB c22675d22675 00104070aBANbBANd2011-07-01eSPIEhV. 10622l0pEB2135r2021-11-05uhttps://www.spiedigitallibrary.org/conference-proceedings-of-spie/10622w2021-11-05yEB